000 00861nam a22002537a 4500
003 UA-OsUOA
001 111647
007 ta
008 20150528b un ||||| |||| 00| 0 ukr d
100 _aСемеренко Л. І.
090 _a81'25(075.8)
_bС30
942 _cBK
040 _aUA-OsUOA
_bukr
_cUA-OsUOA
_dUA-OsUOA
245 _aУдосконалюємо усний переклад
_bнавчальний посібник
300 _a160 с.
955 _a2
041 _aukr
080 _a81'25(075.8)
020 _a978-966-434-280-0
260 _aДніпропетровськ
_bДУ ім. Альфреда Нобеля
_c2013
250 _n2-ге вид., перероб. та допов.
650 7 _a8 Мовознавство. Художня література. Літературознавство
_2UDC
999 _c397816
_d397816